Loading...
| Fine Arts - Classical Music | 0 | 10 | 1 | 0 | 95 | 26 | 67.90 | 6 | 9 | 0.00 | 0.00 |
| Fine Arts - Other | 0 | 7 | 0 | 1 | 70 | 38 | 74.57 | 3 | 6 | 0.00 | 0.00 |
| Fine Arts - Painting and Sculpture | 0 | 5 | 0 | 0 | 50 | 38 | 89.20 | 1 | 4 | 0.00 | 0.00 |
| Literature - British | 0 | 4 | 0 | 0 | 40 | 48 | 77.25 | 1 | 2 | 0.00 | 0.00 |
| History - American | 0 | 2 | 0 | 0 | 20 | 80 | 88.00 | 1 | 2 | 0.00 | 0.00 |
| Literature - European | 0 | 2 | 0 | 0 | 20 | 37 | 45.00 | 2 | 2 | 0.00 | 0.00 |
| Literature - World | 0 | 1 | 0 | 0 | 10 | 90 | 90.00 | 0 | 1 | 0.00 | 0.00 |
| Mythology | 0 | 1 | 0 | 0 | 10 | 124 | 124.00 | 0 | 0 | 0.00 | 0.00 |
| Philosophy | 0 | 1 | 0 | 0 | 10 | 45 | 45.00 | 0 | 1 | 0.00 | 0.00 |
| Pop Culture | 0 | 1 | 0 | 0 | 10 | 83 | 83.00 | 0 | 1 | 0.00 | 0.00 |
| Social Science | 0 | 1 | 0 | 0 | 10 | 89 | 89.00 | 0 | 0 | 0.00 | 0.00 |
| Literature - American | 0 | 1 | 0 | 1 | 10 | 142 | 142.00 | 0 | 1 | 0.00 | 0.00 |
| History - European | 0 | 0 | 1 | 0 | -5 | 0.00 | 0 | 0 | 0.00 | 0.00 |